Most spoken languages by hemisphere - Statistics

General Stats
  • This quiz has been taken 41 times
  • The average score is 16 of 20
Answer Stats
Speakers Languages % Correct
250 M English
100%
100 M English
100%
200 M Spanish
100%
210 M Spanish
100%
80 M French
97%
36 M French
97%
340 M Hindi
97%
125 M Japanese
97%
920 M Mandarin
97%
245 M Portuguese
97%
150 M Russian
97%
310 M Arabic
95%
95 M German
95%
230 M Bengali
77%
75 M Bahasa Indonesia
67%
12 M Zulu
64%
16 M Swahili
62%
8 M Quechua
38%
5 M Guarani
33%
2.5 M Aymara
31%
No matching quizzes found
Score Distribution
Percent of People with Each Score
Percentile by Number Answered
Your Score History
You have not taken this quiz